00780nam a22001937a 4500003000900000008004100009040007100050082002200121100002700143245005000170260003300220300002800253505018300281650001500464650002500479650003500504700001700539700003000556AR-CdUCM190408b ||||| |||| 00| 0 spa d aMUNICIPALIDAD PROVINCIAL DEL CUSCOcBIBLIOTECA MUNICIPAL DEL CUSCO aC / 985.02 /bS21 aSantillan, Fernando de aTres relaciones de antigüedades peruanas /  aParaguay :bGuarania,c1950. a353 páginas ;c23 cm. aRelación por el licenciado Fernando de santillan -- Relación anónima -- Relacion por el Dr. Joan de Santacruz Pachacuti -- El culto de tonopa de D. Samuel Lafone Quevedo... aCronistas. aCronicas del Perú. aRelación del descubrimiento. aValera, Blas aSantacruz Pachacuti, Joan